100 Smallest Countries on Earth - Statistics

General Stats
  • This quiz has been taken 1,208 times
  • The average score is 77 of 100
Answers on the Map
Answers color-coded by a green-red scale on the quiz's map according to % correct below.
 
Answer Stats
Answer % Correct
1 Vatican City
92%
10 Malta
87%
53 Haiti
85%
41 The Bahamas
85%
93 Cuba
84%
5 San Marino
84%
24 Dominica
83%
6 Liechtenstein
83%
2 Monaco
83%
81 Panama
83%
38 Qatar
83%
79 Republic of Ireland
83%
60 Belgium
82%
30 Cape Verde
82%
33 Cyprus
82%
68 Estonia
82%
48 Israel
82%
75 Latvia
82%
9 Maldives
82%
3 Nauru
82%
66 Netherlands
82%
65 Switzerland
82%
17 Andorra
81%
69 Dominican Republic
81%
36 Jamaica
81%
59 Lesotho
81%
76 Lithuania
81%
28 Luxembourg
81%
61 Moldova
81%
15 Seychelles
81%
77 Sri Lanka
81%
49 Belize
80%
35 Kosovo
80%
16 Palau
80%
70 Slovakia
80%
46 Slovenia
80%
8 St Kitts and Nevis
80%
74 Togo
80%
22 Bahrain
79%
64 Bhutan
79%
72 Bosnia and Herzegovina
79%
71 Costa Rica
79%
91 Iceland
79%
7 Marshall Islands
79%
40 Montenegro
79%
18 St Lucia
79%
63 Taiwan
79%
84 United Arab Emirates
79%
85 Austria
78%
73 Croatia
78%
19 Federated States of Micronesia
78%
45 Fiji
78%
26 Mauritius
78%
57 Solomon Islands
78%
4 Tuvalu
78%
56 Albania
77%
13 Barbados
77%
78 Georgia
77%
44 Kuwait
77%
34 Lebanon
77%
82 Serbia
77%
12 St Vincent and the Grenadines
77%
58 Armenia
76%
83 Czech Republic
76%
96 Honduras
76%
21 Kiribati
76%
52 Rwanda
76%
29 Samoa
76%
25 Sao Tome and Principe
76%
20 Singapore
76%
23 Tonga
76%
14 Antigua and Barbuda
75%
86 Azerbaijan
75%
32 Brunei Darussalam
75%
54 Burundi
75%
51 Macedonia
75%
90 South Korea
75%
39 Vanuatu
75%
97 Benin
74%
67 Denmark
74%
87 Jordan
74%
27 Comoros
73%
11 Grenada
73%
92 Guatemala
73%
37 The Gambia
72%
31 Trinidad and Tobago
72%
50 Djibouti
71%
42 East Timor
71%
55 Equatorial Guinea
71%
89 Hungary
71%
100 North Korea
71%
47 El Salvador
70%
88 Portugal
69%
62 Guinea - Bissau
68%
80 Sierra Leone
68%
94 Liberia
67%
95 Bulgaria
65%
99 Malawi
65%
43 Swaziland
65%
98 Eritrea
63%
No matching quizzes found
Score Distribution
Percent of People with Each Score
Percentile by Number Answered
Your Score History
You have not taken this quiz